Памятник А. С. Пушкину в городе Одессе Херсонской губернии

RUSMARC
00005294ckm2a2200000#x 450
00160c1e8ae-8b56-498c-a670-ee2e0a540fa9
00520240426112514.0
100##$a20140707l18891889k l0rusy0189 ca
1010#$arus
102##$aRU
2001#$aПамятник А. С. Пушкину в городе Одессе Херсонской губернии
$eбез даты
$j[Не ранее 1889 года]
251##$cДело
300##$aОригинальный заголовок дела: Памятник А. С. Пушкину в Одессе. Херсонская губерния
300##$aВ конверте
300##$aФотография черно-белая, наклеена на картон, в рамке с художественным оформлением. На лицевой и оборотной стороне - рукописные пометы
801#0$aRU
$bРГИА
$c20140707
801#1$aRU
$bГлавНИВЦ
$c20140707
$2rusmarc
801#2$aRU
$bПБ им. Б.Н. Ельцина
$c20160229
$gRCR
$2rusmarc
850##$aФедеральное казенное учреждение "Российский государственный исторический архив"
852##$aРГИА
$j2604
937##$hРГИА
$d11166969
$aASBIBLIO_SCAN
462#0$1001074eb75f-1902-4909-a924-b21579da7b9b
$12001
$aКоллекция фотографий Техническо-строительного комитета МВД древних и архитектурно-скульптурных памятников России
$vД. 2604
$1251
$cОпись
$1852
$j169
461#0$1001597a3917-b61a-443f-a337-cac2b95e7413
$12001
$aТехническо-строительный комитет МВД
$1251
$cФонд
$1852
$j1293
215##$a1 лист
$cфот.
$d21х30 см
371##$aДокумент не является опубликованным и широко распространяемым
105##$aa###
1220#$ad1889######
5171#$aПамятник А. С. Пушкину в Одессе. Херсонская губерния
035##$a60c1e8ae-8b56-498c-a670-ee2e0a540fa9
607##$aПушкину Александру Сергеевичу, памятник (Одесса, город; Украина)
$2prlib_sh
$3LIBNET\UAF\0000111932
$jАрхивные дела
605##$2acquisition_Prlib
$3LIBNET\UAF\0000060545
$aА. С. Пушкин
$lколлекция
686##$2rubbk
$a83.3(2=411.2)52-8Пушкин, А. С.ю1
$vLBC/M
686##$a85.136.155(4Укр)5ю1
$vLBC/M
$2rubbk
600#1$2prlib_sh
$3LIBNET\UAF\0000106640
$aПушкин
$gАлександр Сергеевич
$bА.С.
$f1799 - 1837
$xУвековечение памяти
$jАрхивные дела
Формат отображения
из 6